[Event "SVK-ch U18/20"]
[Site "Tatralandia"]
[Date "2024.04.07"]
[Round "3"]
[White "Stevik, Patrik1"]
[Black "Turcan, Richard"]
[Result "1/2-1/2"]
[WhiteElo "2213"]
[BlackElo "2365"]
[PlyCount "63"]
[EventDate "2024.04.05"]
[EventType "swiss"]
[EventRounds "9"]
[EventCountry "SVK"]
[SourceTitle "CB16_2024"]
[SourceDate "2024.04.17"]
[SourceVersion "1"]
[SourceVersionDate "2024.04.17"]
[SourceQuality "1"]

1. e4 c5 2. Nf3 Nc6 3. Bb5 e6 4. Bxc6 bxc6 5. b3 d6 6. Bb2 e5 7. d3 Be7 8. Nbd2 f5 9. a3 Nf6 10. 0-0 0-0 11. b4 cxb4 12. axb4 Qe8 13. d4 fxe4 14. dxe5 exf3 15. exf6 Bxf6 16. Qxf3 Bxb2 17. Qb3+ Qf7 18. Qxb2 Qf4 19. Qc3 Be6 20. Qe3 Qxe3 21. fxe3 Rfb8 22. c3 c5 23. Rf4 cxb4 24. cxb4 Rb6 25. Rd4 Kf8 26. Ne4 Ke7 27. Nc3 Rb7 28. Ra6 Rb6 29. Ra3 Rb7 30. Ra6 Rb6 31. Ra5 Rc6 32. Ra3 1/2-1/2

[Event "Skalica op-A"]
[Site "Skalica"]
[Date "2023.08.27"]
[Round "9"]
[White "Turcan, Richard"]
[Black "Haring, Filip"]
[Result "1/2-1/2"]
[WhiteElo "2406"]
[BlackElo "2446"]
[PlyCount "22"]
[EventDate "2023.08.19"]
[EventType "swiss"]
[EventRounds "9"]
[EventCountry "SVK"]
[SourceTitle "CBM 215 Extra"]
[Source "ChessBase"]
[SourceDate "2023.09.30"]
[SourceVersion "1"]
[SourceVersionDate "2023.09.30"]
[SourceQuality "1"]

1. e4 e5 2. Nf3 Nf6 3. Nxe5 d6 4. Nf3 Nxe4 5. c4 c6 6. Nc3 Nf6 7. d4 d5 8. Bg5 Be7 9. Be2 0-0 10. cxd5 Nxd5 11. Bxe7 Nxe7 1/2-1/2

[Event "SVK-ch"]
[Site "Bratislava"]
[Date "2023.07.09"]
[Round "9"]
[White "Pacher, Milan"]
[Black "Turcan, Richard"]
[Result "1-0"]
[WhiteElo "2382"]
[BlackElo "2397"]
[PlyCount "63"]
[EventDate "2023.07.01"]
[EventType "tourn"]
[EventRounds "9"]
[EventCountry "SVK"]
[EventCategory "9"]
[SourceTitle "CBM 215 Extra"]
[Source "ChessBase"]
[SourceDate "2023.09.30"]
[SourceVersion "1"]
[SourceVersionDate "2023.09.30"]
[SourceQuality "1"]

1. b3 b6 2. Bb2 Bb7 3. e3 e6 4. f4 Nf6 5. Nf3 c5 6. Bd3 Nc6 7. 0-0 Qc7 8. c4 Be7 9. Nc3 a6 10. Rc1 Rd8 11. Bb1 0-0 12. Qe1 d5 13. cxd5 exd5 14. Ne2 Ne4 15. d3 Nd6 16. Ng3 Bc8 17. d4 c4 18. e4 dxe4 19. Nxe4 Nf5 20. Rxc4 b5 21. Rc1 Qb6 22. Kh1 Nfxd4 23. Nxd4 Nxd4 24. Ng5 Bxg5 25. fxg5 Bb7 26. Qf2 Rd6 27. Rcd1 Ne6 28. Qf5 Rfd8 29. Qxf7+ Kh8 30. Bxg7+ Nxg7 31. Qf8+ Rxf8 32. Rxf8# 1-0

[Event "SVK-ch"]
[Site "Bratislava"]
[Date "2023.07.04"]
[Round "4"]
[White "Druska, Juraj"]
[Black "Turcan, Richard"]
[Result "1/2-1/2"]
[WhiteElo "2473"]
[BlackElo "2397"]
[PlyCount "81"]
[EventDate "2023.07.01"]
[EventType "tourn"]
[EventRounds "9"]
[EventCountry "SVK"]
[EventCategory "9"]
[SourceTitle "CBM 215 Extra"]
[Source "ChessBase"]
[SourceDate "2023.09.30"]
[SourceVersion "1"]
[SourceVersionDate "2023.09.30"]
[SourceQuality "1"]

1. d4 Nf6 2. c4 c5 3. d5 e6 4. Nc3 exd5 5. cxd5 d6 6. Nf3 g6 7. h3 Bg7 8. e4 0-0 9. Be3 Re8 10. Bd3 Nbd7 11. 0-0 a6 12. a4 Nh5 13. Be2 Rb8 14. Nd2 Qh4 15. Nf3 Qe7 16. Nd2 Qh4 17. Nc4 Bf8 18. Qd2 f6 19. Bg4 b5 20. axb5 axb5 21. Kh2 Nb6 22. g3 Nxc4 23. Qc1 Nxe3 24. gxh4 Nxf1+ 25. Qxf1 b4 26. Nb5 Ng7 27. Bxc8 Rbxc8 28. Ra6 Rcd8 29. Qd3 f5 30. f3 Rd7 31. Ra7 Rxa7 32. Nxa7 fxe4 33. fxe4 Nh5 34. Nc6 Bg7 35. b3 Bc3 36. Qb5 Nf6 37. h5 gxh5 38. Qb7 Nxe4 39. Qd7 Be5+ 40. Nxe5 Rxe5 41. h4 1/2-1/2

[Event "SVK-ch"]
[Site "Bratislava"]
[Date "2023.07.03"]
[Round "3"]
[White "Turcan, Richard"]
[Black "Sahidi, Samir"]
[Result "1/2-1/2"]
[WhiteElo "2397"]
[BlackElo "2505"]
[PlyCount "129"]
[EventDate "2023.07.01"]
[EventType "tourn"]
[EventRounds "9"]
[EventCountry "SVK"]
[EventCategory "9"]
[SourceTitle "CBM 215 Extra"]
[Source "ChessBase"]
[SourceDate "2023.09.30"]
[SourceVersion "1"]
[SourceVersionDate "2023.09.30"]
[SourceQuality "1"]

1. e4 c5 2. Nf3 d6 3. Nc3 Nf6 4. d4 cxd4 5. Nxd4 a6 6. h3 e5 7. Nde2 b5 8. g4 b4 9. Nd5 Nxd5 10. Qxd5 Ra7 11. Be3 Be6 12. Qd2 Rd7 13. Qxb4 d5 14. Qa4 d4 15. Bd2 Qb6 16. Rb1 Bd6 17. Ng3 0-0 18. Bc4 Bxc4 19. Qxc4 Rc7 20. Qb3 Qc6 21. c3 Nd7 22. 0-0 Rb8 23. Qd5 Bc5 24. Qxc6 Rxc6 25. Rfc1 Rbc8 26. cxd4 Bxd4 27. Kf1 g6 28. Ne2 Rc2 29. Bc3 Rxc1+ 30. Rxc1 Bxc3 31. Rxc3 Rb8 32. b3 Rb6 33. Rc7 Nf8 34. Rc5 Rd6 35. Rd5 Rxd5 36. exd5 Nd7 37. Nc3 f5 38. gxf5 gxf5 39. Ke2 Kf7 40. f4 Kf6 41. Ke3 exf4+ 42. Kxf4 Nc5 43. Na4 Nd3+ 44. Ke3 Nb4 45. Kd4 Nxa2 46. Nc5 Nb4 47. d6 Nc6+ 48. Kd5 Nb4+ 49. Kc4 Nc6 50. Nd3 Ke6 51. Kc5 Nd8 52. b4 Nb7+ 53. Kc6 Nxd6 54. Nc5+ Ke5 55. Nd7+ Ke6 56. Nf8+ Ke5 57. Nxh7 Ne4 58. Nf8 Kf6 59. Nd7+ Kg5 60. Kb6 Nc3 61. Kxa6 Nd5 62. b5 Nc7+ 63. Kb6 Nxb5 64. Kxb5 Kh4 65. Kc4 1/2-1/2

[Event "Mitropa Cup"]
[Site "Mali Losinj"]
[Date "2023.04.15"]
[Round "5.4"]
[White "Droin, Augustin"]
[Black "Turcan, Richard"]
[Result "1-0"]
[WhiteElo "2436"]
[BlackElo "2405"]
[PlyCount "85"]
[EventDate "2023.04.11"]
[EventType "team-tourn"]
[EventRounds "9"]
[EventCountry "CRO"]
[SourceTitle "CBM 213 Extra"]
[Source "ChessBase"]
[SourceDate "2023.05.31"]
[SourceVersion "1"]
[SourceVersionDate "2023.05.31"]
[SourceQuality "1"]
[WhiteTeam "France"]
[BlackTeam "Slovakia"]
[WhiteTeamCountry "FRA"]
[BlackTeamCountry "SVK"]

1. e4 c5 2. Nf3 Nc6 3. Bb5 e6 4. 0-0 Nge7 5. d4 cxd4 6. Nxd4 Ng6 7. Be3 Be7 8. c3 0-0 9. Nd2 a6 10. Be2 b5 11. Nxc6 dxc6 12. a4 Rb8 13. Qc2 Qc7 14. c4 Nf4 15. Bf3 bxa4 16. c5 a5 17. g3 Ng6 18. Be2 f5 19. f4 e5 20. fxe5 fxe4 21. Rxf8+ Bxf8 22. Nc4 Be6 23. Bd4 Bxc4 24. Bxc4+ Kh8 25. Qxe4 Rb4 26. Rc1 Qd8 27. h4 Be7 28. Bc3 Bxc5+ 29. Kg2 Rb8 30. h5 Qg5 31. Rf1 Ne7 32. Qf3 Nd5 33. Bxd5 cxd5 34. Qxd5 Qe3 35. Rf3 Qe2+ 36. Kh3 Bb4 37. h6 gxh6 38. e6+ Bxc3 39. bxc3 Re8 40. Qd4+ Kg8 41. Qg4+ Kh8 42. Rf8+ Rxf8 43. Qxe2 1-0

[Event "SVK-chT1E 2223"]
[Site "Slovakia"]
[Date "2023.03.12"]
[Round "11.3"]
[White "Turcan, Richard"]
[Black "Kantorik, Marian"]
[Result "1/2-1/2"]
[WhiteElo "2360"]
[BlackElo "2171"]
[PlyCount "88"]
[EventDate "2022.10.15"]
[EventType "team-tourn"]
[EventRounds "11"]
[EventCountry "SVK"]
[SourceTitle "EXT 2024"]
[Source "ChessBase"]
[SourceDate "2023.10.10"]
[SourceVersion "1"]
[SourceVersionDate "2023.10.10"]
[SourceQuality "1"]
[WhiteTeam "Banska Bystrica Junior"]
[BlackTeam "Dunajov Martin"]
[WhiteTeamCountry "SVK"]
[BlackTeamCountry "SVK"]

1. e4 c5 2. Nf3 e6 3. d4 cxd4 4. Nxd4 Nc6 5. Nc3 Qc7 6. Qd3 Nxd4 7. Qxd4 a6 8. Be3 b5 9. Be2 Bb7 10. 0-0 Nf6 11. e5 Nd5 12. Nxd5 Bxd5 13. c3 Rc8 14. a4 Bc5 15. Qxc5 Qxc5 16. Bxc5 Rxc5 17. axb5 axb5 18. Ra5 Bc6 19. f4 Rd5 20. Bf3 Rd2 21. Bxc6 dxc6 22. Ra8+ Rd8 23. Rxd8+ Kxd8 24. Ra1 Re8 25. Ra8+ Ke7 26. Ra7+ Kf8 27. Kf2 Rd8 28. Ke2 Rd5 29. Rc7 c5 30. b3 g5 31. g3 Kg7 32. Rb7 c4 33. bxc4 bxc4 34. Rc7 gxf4 35. gxf4 Rd3 36. Rxc4 Rh3 37. Rc8 h5 38. c4 h4 39. c5 Rxh2+ 40. Kf3 Rc2 41. Kg4 Rc4 42. c6 h3 43. Kxh3 Rxf4 44. Kg3 Rc4 1/2-1/2

[Event "SVK-chT 2223"]
[Site "Slovakia"]
[Date "2022.12.10"]
[Round "3.3"]
[White "Simacek, Pavel"]
[Black "Turcan, Richard"]
[Result "1-0"]
[WhiteElo "2465"]
[BlackElo "2346"]
[PlyCount "97"]
[EventDate "2022.10.22"]
[EventType "team-tourn"]
[EventRounds "11"]
[EventCountry "SVK"]
[SourceTitle "EXT 2024"]
[Source "ChessBase"]
[SourceDate "2023.10.10"]
[SourceVersion "1"]
[SourceVersionDate "2023.10.10"]
[SourceQuality "1"]
[WhiteTeam "Humenne Reinter"]
[BlackTeam "Liptov Chess School"]
[WhiteTeamCountry "SVK"]
[BlackTeamCountry "SVK"]

1. d4 Nf6 2. c4 e6 3. Nc3 Bb4 4. Nf3 c5 5. e3 0-0 6. Bd3 d5 7. 0-0 cxd4 8. exd4 dxc4 9. Bxc4 b6 10. Bg5 Bb7 11. Rc1 Nc6 12. a3 Bd6 13. d5 Na5 14. Ba2 exd5 15. Nxd5 Bxd5 16. Bxd5 Bxh2+ 17. Nxh2 Qxd5 18. Bxf6 Qxd1 19. Rfxd1 gxf6 20. b4 Nb7 21. Rd7 Nd8 22. Ng4 Ne6 23. Rc6 Nf4 24. g3 Ng6 25. Nh6+ Kg7 26. Nf5+ Kg8 27. Nh6+ Kg7 28. Nf5+ Kg8 29. f4 Rfd8 30. Rb7 Rd1+ 31. Kf2 Re8 32. Rxf6 Nh8 33. Rxa7 b5 34. Rd6 Rb1 35. Rdd7 Rf8 36. Ke3 h5 37. Kd4 Rc1 38. Ke5 Re8+ 39. Kd5 Rc3 40. Kd4 Rc1 41. Nd6 Rd1+ 42. Kc5 Re3 43. Ra8+ Kh7 44. Rxh8+ Kxh8 45. Nxf7+ Kg7 46. Rxd1 Kxf7 47. Rd5 Rxa3 48. Rxh5 Rxg3 49. Rd5 1-0

[Event "SVK-ch Blitz"]
[Site "Nitra"]
[Date "2022.10.29"]
[Round "10"]
[White "Manik, Mikulas"]
[Black "Turcan, Richard"]
[Result "1-0"]
[WhiteElo "2415"]
[BlackElo "2246"]
[PlyCount "69"]
[EventDate "2022.10.29"]
[EventType "swiss"]
[EventRounds "13"]
[EventCountry "SVK"]
[SourceTitle "EXT 2024"]
[Source "ChessBase"]
[SourceDate "2023.10.10"]
[SourceVersion "1"]
[SourceVersionDate "2023.10.10"]
[SourceQuality "1"]

1. e4 c5 2. Nf3 Nc6 3. Bb5 e6 4. 0-0 Nge7 5. Re1 Nd4 6. Nxd4 cxd4 7. c3 Nc6 8. d3 Bc5 9. b4 Bb6 10. Bb2 0-0 11. a3 f5 12. e5 f4 13. Nd2 dxc3 14. Bxc3 Nd4 15. Bc4 f3 16. Nxf3 Nxf3+ 17. gxf3 Qg5+ 18. Kh1 Bxf2 19. Rf1 Be3 20. Qe2 b6 21. Rae1 Bf4 22. Rg1 Qh6 23. d4 Bb7 24. d5 Rac8 25. Rg2 exd5 26. e6 dxe6 27. Qxe6+ Qxe6 28. Rxg7+ Kh8 29. Rxe6 Rxc4 30. Ree7 Be5 31. Bxe5 Rc1+ 32. Kg2 Rg8 33. Kf2 Rc2+ 34. Ke3 Rxg7 35. Re8# 1-0

[Event "SVK-ch Blitz"]
[Site "Nitra"]
[Date "2022.10.29"]
[Round "11"]
[White "Turcan, Richard"]
[Black "Ruckschloss, Karol"]
[Result "1-0"]
[WhiteElo "2246"]
[BlackElo "2244"]
[PlyCount "91"]
[EventDate "2022.10.29"]
[EventType "swiss"]
[EventRounds "13"]
[EventCountry "SVK"]
[SourceTitle "EXT 2024"]
[Source "ChessBase"]
[SourceDate "2023.10.10"]
[SourceVersion "1"]
[SourceVersionDate "2023.10.10"]
[SourceQuality "1"]

1. e4 d6 2. d4 Nf6 3. Nc3 g6 4. Be3 c6 5. h3 b5 6. e5 Nfd7 7. exd6 exd6 8. g4 d5 9. Nf3 Bg7 10. Bd3 Nb6 11. Qe2 Be6 12. Ng5 Nc4 13. Bxc4 bxc4 14. Nxe6 fxe6 15. 0-0-0 Nd7 16. h4 Qe7 17. Bg5 Bf6 18. f4 0-0-0 19. Rhe1 Rde8 20. Qd2 h6 21. Bxf6 Qxf6 22. Na4 Qxh4 23. Qa5 Kb7 24. Qb4+ Kc7 25. Qa5+ Kb7 26. Re3 Qxg4 27. Qb4+ Kc7 28. Qa5+ Kb7 29. Rf1 Qg2 30. Rfe1 Qf2 31. Rxe6 Qxf4+ 32. Kb1 Rxe6 33. Rxe6 Rc8 34. Re7 Qf1+ 35. Re1 Qf6 36. Qb4+ Kc7 37. Qa5+ Kb7 38. Qc3 g5 39. b3 cxb3 40. axb3 g4 41. Qb4+ Ka8 42. Re7 Qf5 43. Qa5 g3 44. Nb6+ Kb8 45. Nxd7+ Kb7 46. Nc5+ 1-0

[Event "SVK-ch Blitz"]
[Site "Nitra"]
[Date "2022.10.29"]
[Round "7"]
[White "Turcan, Richard"]
[Black "Sahidi, Samir"]
[Result "1-0"]
[WhiteElo "2246"]
[BlackElo "2467"]
[PlyCount "51"]
[EventDate "2022.10.29"]
[EventType "swiss"]
[EventRounds "13"]
[EventCountry "SVK"]
[SourceTitle "EXT 2024"]
[Source "ChessBase"]
[SourceDate "2023.10.10"]
[SourceVersion "1"]
[SourceVersionDate "2023.10.10"]
[SourceQuality "1"]

1. e4 c6 2. d4 d5 3. Nc3 g6 4. Nf3 Bg7 5. Be2 Bg4 6. Be3 e6 7. h3 Bxf3 8. Bxf3 Ne7 9. Qd2 dxe4 10. Nxe4 0-0 11. 0-0-0 Nd7 12. Bh6 Nf5 13. Bxg7 Kxg7 14. g4 Nh4 15. Be2 Nf6 16. Ng3 Qc7 17. Rhg1 Nd5 18. c4 Nf4 19. Kb1 Rad8 20. Qe3 h6 21. Bd3 Rfe8 22. Nh5+ gxh5 23. gxh5+ Kf8 24. Qg3 Qd6 25. Qxh4 Qxd4 26. Bc2 1-0

[Event "SVK-chT 2223"]
[Site "Slovakia"]
[Date "2022.10.22"]
[Round "1.4"]
[White "Hujbert, Florian"]
[Black "Turcan, Richard"]
[Result "1/2-1/2"]
[WhiteElo "2400"]
[BlackElo "2346"]
[PlyCount "77"]
[EventDate "2022.10.22"]
[EventType "team-tourn"]
[EventRounds "11"]
[EventCountry "SVK"]
[SourceTitle "EXT 2024"]
[Source "ChessBase"]
[SourceDate "2023.10.10"]
[SourceVersion "1"]
[SourceVersionDate "2023.10.10"]
[SourceQuality "1"]
[WhiteTeam "Cebovce"]
[BlackTeam "Liptov Chess School"]
[WhiteTeamCountry "SVK"]
[BlackTeamCountry "SVK"]

1. e4 c5 2. Nf3 Nc6 3. d4 cxd4 4. Nxd4 Nf6 5. Nc3 d6 6. Bg5 g6 7. Nb3 Bg7 8. Be2 0-0 9. 0-0 a6 10. Re1 b5 11. Bf1 Re8 12. Nd5 Nxd5 13. exd5 Ne5 14. a4 b4 15. Re4 Qb6 16. a5 Qb7 17. Ra4 Rb8 18. Qd2 Be6 19. Rxe5 Bd7 20. Rxe7 Rxe7 21. Bxe7 Bxa4 22. Bxd6 Rd8 23. Nc5 Qa7 24. Nxa4 Rxd6 25. Nb6 Qc7 26. Qxb4 Rd8 27. c3 Qe5 28. Qc4 Bf8 29. Qxa6 Bc5 30. Qb5 Bxb6 31. axb6 Rxd5 32. Qa6 Rd2 33. Qc8+ Kg7 34. b4 Qe1 35. Qc5 Rd1 36. Qb5 Rd2 37. Qc5 Rd1 38. Qc4 Rd2 39. Qc5 1/2-1/2